A colour atlas of physical signs in geral medicine (Record no. 11340)
[ view plain ]
| 000 -LEADER | |
|---|---|
| fixed length control field | 00351nam a2200109Ia 4500 |
| 008 - FIXED-LENGTH DATA ELEMENTS--GENERAL INFORMATION | |
| fixed length control field | 180412s9999||||xx |||||||||||||| ||und|| |
| 020 ## - INTERNATIONAL STANDARD BOOK NUMBER | |
| International Standard Book Number | 723401853 |
| 040 ## - CATALOGING SOURCE | |
| Original cataloging agency | Ahmadu Bello University Library - Zaria |
| 100 ## - MAIN ENTRY--PERSONAL NAME | |
| Personal name | Zatouroff, M. |
| 245 #2 - TITLE STATEMENT | |
| Title | A colour atlas of physical signs in geral medicine |
| Statement of responsibility, etc. | M. Zatouroff |
| 260 ## - PUBLICATION, DISTRIBUTION, ETC. | |
| Place of publication, distribution, etc. | London |
| Name of publisher, distributor, etc. | Wolfe Medical Publications |
| Date of publication, distribution, etc. | 1976 |
| 300 ## - PHYSICAL DESCRIPTION | |
| Extent | 464p. |
No items available.